[Event "ch-PriFO"]
[Site "Kazan RUS"]
[Date "2009.01.26"]
[Round "6"]
[White "Frolyanov,D"]
[Black "Sharafiev,A"]
[Result "1-0"]
[WhiteElo "2564"]
[BlackElo "2421"]

1.e4 e6 2.d4 d5 3.Nc3 Nf6 4.e5 Nfd7 5.f4 c5 6.Nf3 Nc6 7.Be3 a6 8.Qd2 b5 9.a3 g5
10.fxg5 cxd4 11.Bxd4 Bg7 12.O-O-O O-O 13.Qf4 Rb8 14.Qh4 b4 15.Bd3 Re8 16.Bxh7+ Kf8
17.axb4 Rxb4 18.Qf4 Nxd4 19.Nxd4 Rxd4 20.Qxd4 Qxg5+ 21.Kb1 Bxe5 22.Qb4+ Qe7
23.Qg4 Bg7 24.Rhf1 Ne5 25.Qh5 Qb7 26.Na4 Re7 27.Rf4 Rc7 28.Qg5 Re7 29.Rf6 Nd7
30.Rf3 f6 31.Rdf1 Ke8 32.Qh4 f5 33.g4 Qb4 34.Rf4 d4 35.gxf5 e5 36.Bg6+ Kd8
37.f6 exf4 38.fxg7 Qc4 39.Re1  1-0

[Event "ch-PriFO"]
[Site "Kazan RUS"]
[Date "2009.01.27"]
[Round "7"]
[White "Vlasov,An"]
[Black "Mokshanov,A"]
[Result "1/2-1/2"]
[WhiteElo "2277"]
[BlackElo "2185"]

1.e4 e6 2.d4 d5 3.Nc3 Nf6 4.e5 Nfd7 5.f4 c5 6.Nf3 Nc6 7.Be3 Be7 8.Qd2 O-O
9.O-O-O c4 10.f5 b5 11.f6 gxf6 12.Bh6 fxe5 13.dxe5 Ndxe5 14.h4 Ng4 15.Rh3 f5
16.Bxf8 Bxf8 17.Kb1 b4 18.Nb5 Bg7 19.Nbd4 Nxd4 20.Nxd4 Rb8 21.Rf3 Qd6 22.Qe1 Bd7
23.Bxc4 Qe5 24.Be2 Ne3 25.Bb5 f4 26.Rxe3 Qxe3 27.Bxd7 Qxe1 28.Rxe1 Bxd4 29.Bxe6+ Kg7
30.Bxd5 Rd8 31.Bf3 Kf6 32.Rd1 Bb6 33.Rxd8  1/2-1/2

[Event "1st Open"]
[Site "Gurgon IND"]
[Date "2009.01.29"]
[Round "10"]
[White "Mehar,C"]
[Black "Ulibin,M"]
[Result "1/2-1/2"]
[WhiteElo "2246"]
[BlackElo "2511"]

1.e4 e6 2.d4 d5 3.Nc3 Nf6 4.e5 Nfd7 5.f4 c5 6.Nf3 Qb6 7.Be3 a6 8.Na4 Qa5+
9.c3 cxd4 10.b4 Qc7 11.Qxd4 b5 12.Nb2 f6 13.exf6 Nxf6 14.Ne5 Nc6 15.Nxc6 Qxc6
16.a4 Bd7 17.Be2 Rc8 18.axb5 axb5 19.O-O Bd6 20.Ra3 O-O 21.Nd3 Ra8 22.Rfa1 Rxa3
23.Rxa3 Ra8 24.Ne5 Bxe5 25.Rxa8+ Qxa8 26.Qxe5 Qa1+ 27.Bf1 Qe1 28.Qb8+ Kf7
29.Bd4 h5 30.Qc7 Ke8 31.Bb6 Kf7 32.Bd4 Ke8 33.Qb8+ Kf7 34.Qa7 Ke8 35.Qc7 Ke7
36.Bf2 Qc1 37.Qe5 Kf7 38.Bd4 Qd1 39.Qd6 Be8 40.Bc5 Qe1 41.Bd4 Qc1 42.Qc7+ Kf8
43.Qd6+ Kf7 44.Qe5 Bd7 45.Qc7 Ke8 46.Qd6 Qe1 47.Bc5 Kf7 48.Qe7+ Kg6 49.Bd4 Bc6
50.f5+ Kxf5 51.Qxg7 e5 52.Qe7 Bd7 53.Bf2 Qxc3 54.g4+ hxg4 55.Bh4 Qe3+ 56.Kh1 Qf3+
57.Kg1 Qe3+ 58.Kh1 Qe4+ 59.Kg1 Qe3+  1/2-1/2

[Event "7th Gibtelecom Masters"]
[Site "Caleta ENG"]
[Date "2009.02.04"]
[Round "9"]
[White "Getz,N"]
[Black "Compton,A"]
[Result "0-1"]
[WhiteElo "2190"]
[BlackElo "2079"]

1.e4 e6 2.d4 d5 3.Nc3 Nf6 4.e5 Nfd7 5.Nce2 c5 6.c3 Nc6 7.f4 Be7 8.Nf3 O-O
9.a3 cxd4 10.cxd4 f6 11.Be3 fxe5 12.fxe5 Nb6 13.Nf4 Nc4 14.Bxc4 dxc4 15.O-O b5
16.a4 Nb4 17.axb5 Nd5 18.Nxd5 Qxd5 19.Qc2 Bd7 20.Kh1 Bxb5 21.Rf2 a5 22.Bg5 Bb4
23.Bd2 Rf5 24.Re1 Raf8 25.Bxb4 axb4 26.Qd2 Bc6 27.Re3 g5 28.h3 Qb5 29.Kh2 Qb7
30.Ree2 h6 31.Ne1 c3 32.bxc3 bxc3 33.Qe3 Rxf2 34.Rxf2 Rxf2 35.Qxf2 Qf7 36.Qxf7+ Kxf7
37.Nd3 Be4 38.Nc1 Ke7 39.Kg3 Kd7 40.Kf2 Kc6 41.Na2 c2 42.g3 Kb5 43.Ke3 Bd5
44.Nc1 Kc4 45.Kd2 Kxd4 46.Kxc2 Bc4 47.Kd2 Kxe5 48.Ke3 h5 49.Kf3 Kd4 50.h4 gxh4
51.gxh4 e5 52.Kf2 Ke4 53.Ke1 Ke3 54.Kd1 Kf2 55.Kd2 e4 56.Kc3 Bf1 57.Kd4 e3
58.Ke4 Bb5 59.Ke5  0-1

[Event "TCh-HUN 2008-9"]
[Site "Budapest HUN"]
[Date "2009.02.08"]
[Round "7"]
[White "Domany,Z"]
[Black "Horvath,Dav"]
[Result "0-1"]
[WhiteElo "2194"]
[BlackElo "2104"]

1.e4 e6 2.d4 d5 3.Nc3 Nf6 4.e5 Nfd7 5.f4 c5 6.Nf3 Nc6 7.Be3 Qb6 8.Qd2 a6
9.O-O-O cxd4 10.Nxd4 Nc5 11.Qf2 Qa5 12.Kb1 Bd7 13.Nb3 Nxb3 14.Bb6 Bc5 15.Qh4 Qxb6
16.cxb3 Ne7 17.Rc1 Nf5 18.Qh3 Nd4 19.Qh4 Bb5 20.g4 Nf3 21.Qg3 Nd2+ 22.Ka1 Nxf1  0-1

[Event "I Silla & Alcudia Crespins"]
[Site "Silla ESP"]
[Date "2009.02.11"]
[Round "3"]
[White "Cucarella Montell,A"]
[Black "Valmana Canto,J"]
[Result "0-1"]
[WhiteElo "1954"]
[BlackElo "2343"]

1.e4 e6 2.d4 d5 3.Nc3 Nf6 4.e5 Nfd7 5.f4 c5 6.Nf3 Nc6 7.Be3 Qb6 8.Na4 Qa5+
9.c3 cxd4 10.b4 Nxb4 11.cxb4 Bxb4+ 12.Bd2 Bxd2+ 13.Nxd2 O-O 14.Bd3 b5 15.Nb2 Nb6
16.Qc2 Nc4 17.Ke2 Bd7 18.Nb3 Qa3 19.Nd1 f6 20.Bxh7+ Kh8 21.exf6 Rxf6 22.Rf1 e5
23.h3 e4 24.Nxd4 Kxh7 25.Rb1 Qg3 26.Qc3 Qxg2+ 27.Rf2 Qg6 28.Ne3 Qh5+ 29.Ke1 Qxh3
30.Nxd5 Qh1+ 31.Rf1 Qh4+ 32.Rf2 Rg6 33.Ne2 Rg2 34.Qd4 e3 35.Qe4+ Rg6 36.Nxe3 Re8
37.Nf5  0-1

[Event "US Amateur Team-ch East"]
[Site "Parsipanny USA"]
[Date "2009.02.14"]
[Round "2"]
[White "Katz,B"]
[Black "Kaufman,La"]
[Result "1/2-1/2"]
[WhiteElo "2121"]
[BlackElo "2409"]

1.e4 e6 2.d4 d5 3.Nc3 Nf6 4.e5 Nfd7 5.Nf3 c5 6.Bg5 Qa5 7.Bd2 cxd4 8.Nb5 Qb6
9.Bd3 Nc6 10.Qe2 a6 11.Nd6+ Bxd6 12.exd6 Nb4 13.O-O Nxd3 14.Qxd3 Qxd6 15.Qxd4 f6
16.Bb4 Qb6 17.Rfe1 Kf7 18.Rxe6 Qxe6 19.Re1 Ne5 20.Nxe5+ fxe5 21.Rxe5 Qf6
22.Re7+ Kg6 23.Qe3 Rg8 24.Qg3+ Qg5 25.Qd6+ Qf6 26.Qg3+  1/2-1/2

[Event "TCh-BEL 2008-9"]
[Site "Belgium BEL"]
[Date "2009.02.15"]
[Round "9"]
[White "Hommeles,T"]
[Black "Feygin,M"]
[Result "0-1"]
[WhiteElo "2404"]
[BlackElo "2569"]

1.e4 e6 2.d4 d5 3.Nc3 Nf6 4.e5 Nfd7 5.f4 c5 6.Nf3 Nc6 7.Be3 a6 8.Qd2 b5 9.dxc5 Bxc5
10.Bxc5 Nxc5 11.Qf2 Qb6 12.Bd3 b4 13.Ne2 a5 14.O-O Ba6 15.Kh1 Na4 16.Qg3 g6
17.f5 gxf5 18.Qg7 O-O-O 19.Qxf7 Nc5 20.Nf4 Rd7 21.Qf6 Re8 22.Ng5 Rde7 23.Ngxe6 Rxe6
24.Bxf5 Nd8 25.Nxd5 Qb7 26.Nf4 Bxf1 27.Rxf1 Kb8 28.Nxe6 Ndxe6 29.Bxe6 Nxe6
30.Rd1 Rg8 31.Rd2 Rf8  0-1

[Event "2nd Pfalz Open"]
[Site "Neustadt an der Weinstrasse GER"]
[Date "2009.02.16"]
[Round "2"]
[White "Sobolevsky,L"]
[Black "Drozdovskij,Y"]
[Result "0-1"]
[WhiteElo "2304"]
[BlackElo "2607"]

1.e4 e6 2.d4 d5 3.Nc3 Nf6 4.e5 Nfd7 5.Nce2 c5 6.c3 Nc6 7.f4 f5 8.Nf3 Be7
9.g3 O-O 10.Bg2 b5 11.O-O b4 12.Be3 Ba6 13.Rf2 Rb8 14.Ng5 Bxg5 15.fxg5 Bxe2
16.Qxe2 bxc3 17.bxc3 Nb6 18.Qb5 Qd7 19.Qd3 Nc4 20.Raf1 cxd4 21.cxd4 Nb4 22.Qb3 Nc2
23.Qxc2 Nxe3  0-1

[Event "2nd Pfalz Open"]
[Site "Neustadt an der Weinstrasse GER"]
[Date "2009.02.16"]
[Round "3"]
[White "Morawietz,D"]
[Black "Graf,A"]
[Result "1/2-1/2"]
[WhiteElo "2445"]
[BlackElo "2643"]

1.e4 e6 2.d4 d5 3.Nc3 Nf6 4.e5 Nfd7 5.f4 c5 6.Nf3 Nc6 7.Be3 Qb6 8.Na4 Qa5+
9.c3 c4 10.b4 Qc7 11.Nb2 b5 12.a4 bxa4 13.Nxa4 a5 14.Nc5 Be7 15.Be2 O-O 16.O-O Ra7
17.b5 Ncb8 18.Rb1 Nb6 19.Qe1 N8d7 20.Qf2 a4 21.g4 a3 22.f5 a2 23.Ra1 Na4
24.Nxa4 Rxa4 25.Bd1 Ra3 26.Rxa2 Rxc3 27.Bc2 Nb6 28.Bd2 Rxc2 29.Rxc2 exf5
30.g5  1/2-1/2

[Event "2nd Pfalz Open"]
[Site "Neustadt an der Weinstrasse GER"]
[Date "2009.02.17"]
[Round "4"]
[White "Luther,T"]
[Black "Drozdovskij,Y"]
[Result "1/2-1/2"]
[WhiteElo "2536"]
[BlackElo "2607"]

1.e4 e6 2.d4 d5 3.Nc3 Nf6 4.e5 Nfd7 5.f4 c5 6.Nf3 Nc6 7.Be3 cxd4 8.Nxd4 Bc5
9.Qd2 O-O 10.O-O-O a6 11.Qf2 Bxd4 12.Bxd4 b5 13.Be3 b4 14.Na4 a5 15.h4 Ba6
16.h5 Qc7 17.h6 g6 18.Kb1 Rfc8 19.Rc1 Ncb8 20.b3 Bxf1 21.Rhxf1 Ra6 22.g4 Rc6
23.Bd4 Qd8 24.f5 Qe7 25.Qf4 Na6 26.Rf2 Nc7 27.Rcf1 Nb5 28.Bb2 Na3+ 29.Bxa3 bxa3
30.fxe6 Qxe6 31.Qxf7+ Qxf7 32.Rxf7 Nxe5 33.Rg7+ Kh8 34.Re7 Nxg4 35.Rff7 Nf6
36.c3 g5 37.Rb7 Re8 38.Kc2 g4 39.Nb6 Rd6 40.c4 dxc4 41.bxc4 Re2+ 42.Kc1 Re1+
43.Kc2  1/2-1/2

[Event "ch-CZE Juniors"]
[Site "Decin CZE"]
[Date "2009.02.19"]
[Round "10"]
[White "Vlasak,Lu"]
[Black "Klement,L"]
[Result "1-0"]
[WhiteElo "2163"]
[BlackElo "2061"]

1.e4 e6 2.d4 d5 3.Nc3 Nf6 4.e5 Nfd7 5.Nce2 c5 6.f4 Nc6 7.Nf3 Qb6 8.c3 f6
9.a3 Be7 10.b4 cxb4 11.cxb4 O-O 12.h4 a5 13.b5 Qxb5 14.Nc3 Qb6 15.Rb1 Qd8
16.Bd3 f5 17.g4 g6 18.gxf5 gxf5 19.Ng5 Bxg5 20.hxg5 Qe7 21.Be3 Rf7 22.Nb5 Nf8
23.Nd6 Rg7 24.Qc2 Ng6 25.Qc3 Qd8 26.Kf2 Rc7 27.Qb3 Rb8 28.Rh6 Nce7 29.Bd2 Rc6
30.Qb5 Bd7 31.Qb3 b5 32.Bxb5 Rc4 33.Bxd7 Rxb3 34.Bxe6+ Kg7 35.Rxb3 Rc2 36.Rbh3 Rxd2+
37.Ke1 Re2+ 38.Kf1 Qh8 39.Ne8+ Qxe8 40.Rxh7+ Kf8 41.Rh8+ Ng8 42.Rxg8+ Ke7
43.Rh7+  1-0

[Event "69th Noteboom Mem GpA"]
[Site "Leiden NED"]
[Date "2009.02.20"]
[Round "1"]
[White "Westerduin,P"]
[Black "Van Ketel,R"]
[Result "0-1"]
[WhiteElo "2047"]
[BlackElo "2287"]

1.e4 e6 2.d4 d5 3.Nc3 Nf6 4.e5 Nfd7 5.f4 c5 6.Nf3 Nc6 7.Be3 Be7 8.Qd2 O-O
9.O-O-O c4 10.f5 b5 11.g4 b4 12.Ne2 Qa5 13.Kb1 c3 14.Qe1 cxb2 15.Ng3 Nb6
16.Bd3 Na4 17.Bd2 Nc3+ 18.Bxc3 bxc3 19.Ne2 exf5 20.gxf5 Nb4 21.Nxc3 Nxd3
22.Rxd3 Bxf5 23.Re3 Rfc8  0-1

[Event "Aeroflot Open"]
[Site "Moscow RUS"]
[Date "2009.02.21"]
[Round "5"]
[White "Wen Yang"]
[Black "Volkov,Sergey1"]
[Result "1-0"]
[WhiteElo "2504"]
[BlackElo "2627"]

1.e4 e6 2.d4 d5 3.Nc3 Nf6 4.e5 Nfd7 5.f4 c5 6.Nf3 Qb6 7.Be3 Nc6 8.a3 Be7
9.Na4 Qa5+ 10.Bd2 Qc7 11.dxc5 Nxc5 12.Nxc5 Bxc5 13.Bd3 Qb6 14.b4 Be3 15.Rb1 Bd7
16.Qe2 Bxd2+ 17.Qxd2 Nd4 18.Nxd4 Qxd4 19.c3 Qb6 20.Qf2 O-O 21.Qd4 f6 22.exf6 gxf6
23.Kd2 e5 24.fxe5 fxe5 25.Qxd5+ Be6 26.Qc5 Rf7 27.Rhf1 Rd7 28.Kc2 Qxc5 29.bxc5 Rad8
30.Rbd1 Bd5 31.Rde1 Bf7 32.Rf3 Rxd3 33.Rxd3 Bg6 34.Re3 Rd5 35.Rg3 Rxc5 36.Kd2 Ra5
37.c4 Rc5 38.Rg4 Rc7 39.Rd5 e4 40.c5 Kf7 41.h4 Ke6 42.Rgg5 Ke7 43.Ke3 b6
44.Kf4 Rc6 45.Rge5+ Kf8 46.Rd6 Rc7 47.h5 Bf7 48.c6 Rc8 49.h6 Be8 50.Rf6+ Kg8  1-0

[Event "TCh-HUN 2008-9"]
[Site "Nagykanizsa HUN"]
[Date "2009.03.01"]
[Round "9"]
[White "Bobras,P"]
[Black "Pap,G"]
[Result "1/2-1/2"]
[WhiteElo "2565"]
[BlackElo "2467"]

1.e4 e6 2.d4 d5 3.Nc3 Nf6 4.e5 Nfd7 5.f4 c5 6.Nf3 Nc6 7.Be3 cxd4 8.Nxd4 Bc5
9.Qd2 O-O 10.O-O-O a6 11.Nb3 Bb4 12.Bd3 b5 13.Nd4 Qc7 14.Nxc6 Qxc6 15.Bd4 Nc5
16.Kb1 Bb7 17.Qe3 Rac8 18.Ne2 Nxd3 19.cxd3 Qc2+ 20.Ka1 Qa4 21.Rc1 Be7 22.Rxc8  1/2-1/2

[Event "25th Open"]
[Site "Cappelle la Grande FRA"]
[Date "2009.03.03"]
[Round "5"]
[White "Apicella,M"]
[Black "Arutyunova,D"]
[Result "1-0"]
[WhiteElo "2517"]
[BlackElo "2261"]

1.e4 e6 2.d4 d5 3.Nc3 Nf6 4.e5 Nfd7 5.f4 c5 6.Nf3 Nc6 7.Be3 a6 8.Qd2 b5 9.dxc5 Bxc5
10.Bxc5 Nxc5 11.Bd3 Qb6 12.Qf2 b4 13.Ne2 Na4 14.Qxb6 Nxb6 15.Ned4 Nxd4 16.Nxd4 Bd7
17.a3 a5 18.axb4 axb4 19.Rxa8+ Nxa8 20.Ke2 O-O 21.Ra1 Rb8 22.Ra7 Nb6 23.Nb3 h6
24.Nc5 Bc8 25.Ke3 Kf8 26.Kd4 Ra8 27.Rc7 Rb8 28.b3 Na8 29.Ra7 Nb6 30.Bb5 Ra8
31.Rc7 Ra5 32.Ba4 Ra8 33.Bc6 Rb8 34.Ra7 g5 35.g3  1-0

[Event "TCh-BEL 2008-9"]
[Site "Belgium BEL"]
[Date "2009.03.08"]
[Round "10"]
[White "Tonoli,B"]
[Black "Meessen,R"]
[Result "0-1"]
[WhiteElo "2183"]
[BlackElo "2303"]

1.e4 e6 2.d4 d5 3.Nc3 Nf6 4.e5 Nfd7 5.f4 c5 6.Nf3 Nc6 7.Be3 cxd4 8.Nxd4 Bc5
9.Qd2 O-O 10.O-O-O Qe7 11.Nb3 b6 12.g4 Bb7 13.Rg1 f6 14.exf6 Qxf6 15.Nxc5 bxc5
16.Nxd5 exd5 17.Qxd5+ Rf7 18.Bc4 Nce5 19.Qxf7+ Nxf7 20.Rxd7 Kh8 21.Rxf7 Qc6
22.b3 Ba6 23.Bxa6 Qe6 24.Bxc5 Qxf7 25.f5 Qc7 26.b4 Qxh2 27.Kb2 Qe5+ 28.c3 Rd8
29.Rg2 Qf4 30.Rf2 Rd2+ 31.Rxd2 Qxd2+ 32.Kb3 Qd1+ 33.Ka3 Qxg4 34.Bxa7 h5 35.Bd4 Qxf5
36.b5 h4 37.Kb4 h3 38.b6 h2 39.Bb7 Qb1+ 40.Kc5 Qxa2 41.Bh1 Qa3+ 42.Kb5 Qc1
43.b7 Qxh1 44.b8=Q+ Kh7 45.Qc7 Qg2 46.Bxg7 h1=Q 47.Bd4+ Kg6 48.Qg7+ Kf5 49.Qe5+ Kg4
50.Qe6+ Kh5 51.Qe8+ Qg6 52.Qh8+ Qh6 53.Qe8+ Kh4 54.Bf2+ Kh3 55.Qd7+ Kg2  0-1

[Event "FSGM March"]
[Site "Budapest HUN"]
[Date "2009.03.12"]
[Round "6"]
[White "Agopov,M"]
[Black "Balog,I1"]
[Result "0-1"]
[WhiteElo "2433"]
[BlackElo "2431"]

1.e4 e6 2.d4 d5 3.Nc3 Nf6 4.e5 Nfd7 5.f4 c5 6.Nf3 Nc6 7.Be3 b6 8.Qd2 g6 9.Bb5 Bb7
10.Ne2 a6 11.Bxc6 Bxc6 12.g4 h5 13.gxh5 Rxh5 14.Ng3 Rh8 15.h4 Qc7 16.c3 Be7
17.h5 gxh5 18.Nxh5 O-O-O 19.Kf2 f6 20.Qd3 fxe5 21.fxe5 Bb5 22.Qd1 Rdg8 23.a4 Bc6
24.Nf4 Nf8 25.Rxh8 Rxh8 26.Qg1 Kb7 27.b3 Be8 28.Qg4 Bf7 29.a5 cxd4 30.Bxd4 b5
31.b4 Rg8 32.Qh3 Qc4 33.Nd2 Qc8 34.Nd3 Ng6 35.Rg1 Rh8 36.Qe3 Nh4 37.Nc5+ Ka8
38.Ke2 Bh5+ 39.Kd3 Bg6+ 40.Ke2 Qf8 41.Qf2 Qh6 42.Kd1 Rf8 43.Qe3 Qh5+ 44.Kc1 Qf5
45.Rxg6 Qxg6 46.Nxa6 Bg5 47.Qe2 Bxd2+ 48.Kb2 Bxc3+ 49.Bxc3 Qg2 50.Qxg2 Nxg2
51.Nc7+ Kb7 52.Nxb5 Ne3 53.Nd6+ Kc7 54.Bd4 Rf3 55.Bb6+ Kb8 56.Kc3 Ng4+ 57.Kd4 Rf4+
58.Kc5 Nxe5 59.b5 d4 60.a6 d3 61.Ba5 Ra4 62.Bc3 Nf3 63.Nc4 Ra2 64.Na5 d2
65.Nc6+ Kc8 66.Bxd2 Nxd2 67.Nb4 Rb2 68.b6 Ne4+ 69.Kc4 Rb1 70.b7+ Kc7 71.Nd3 Nd6+
72.Kd4 Rd1 73.Ke3 Nc4+ 74.Ke4 Nd2+ 75.Ke5 Nb3  0-1

[Event "Kaissa Women"]
[Site "Kharkiv UKR"]
[Date "2009.03.15"]
[Round "3"]
[White "Doluhanova,E"]
[Black "Petrenko,S"]
[Result "1-0"]
[WhiteElo "2216"]
[BlackElo "2251"]

1.e4 e6 2.d4 d5 3.Nc3 Nf6 4.e5 Nfd7 5.f4 c5 6.Nf3 Nc6 7.Ne2 b5 8.Be3 Qb6
9.dxc5 Bxc5 10.Bxc5 Nxc5 11.Ned4 Nxd4 12.Qxd4 Bd7 13.Bd3 Rc8 14.O-O O-O 15.Kh1 h6
16.Qf2 Nxd3 17.cxd3 Qxf2 18.Rxf2 b4 19.Nd4 f6 20.Kg1 a5 21.Kf1 Rc7 22.Ke2 a4
23.Ke3 Rfc8 24.Rff1 Kf7 25.Kd2 Rb7 26.Rfc1 Rg8 27.g3 g5 28.Rf1 f5 29.Rac1 Ke7
30.Rc5 Ra8 31.Rg1 Rg8 32.Rcc1 g4 33.Rc5 h5 34.Rgc1 Ra8 35.Rc7 Rb6 36.R1c6 Raa6
37.Rxb6 Rxb6 38.Ra7 Kd8 39.Ra8+ Ke7 40.Rh8 Be8 41.Rh6 Kd7 42.Nxf5 b3 43.a3  1-0

[Event "10th EICC"]
[Site "Budva MNE"]
[Date "2009.03.17"]
[Round "11"]
[White "Anicic,V"]
[Black "Vojinovic,J"]
[Result "1-0"]
[WhiteElo "2212"]
[BlackElo "2331"]

1.e4 e6 2.d4 d5 3.Nc3 Nf6 4.e5 Nfd7 5.f4 c5 6.Nf3 Nc6 7.Be3 Rb8 8.Qd2 Qa5
9.Ne2 b6 10.Qxa5 Nxa5 11.b3 Ba6 12.Ng3 Bxf1 13.Rxf1 g6 14.Kf2 cxd4 15.Nxd4 a6
16.Nge2 h5 17.Kg1 Rc8 18.a3 Be7 19.Rf3 b5 20.Ra2 O-O 21.h3 h4 22.Bf2 Kg7
23.Be1 Nb7 24.b4 Nb6 25.Rd3 Nd8 26.Nf3 Rh8 27.Kh2 Nc6 28.c3 Na4 29.Bf2 Rc7
30.Be1 Rh5 31.Bd2 Bd8 32.Be1 Be7 33.Bf2 Nb8 34.Be1 Rh8 35.Kh1 Nd7 36.Kh2 Rh5
37.Bd2 Nab6 38.Ned4 Rh8 39.Be1 Rc4 40.Nd2 Rc7 41.N2f3 Na4 42.Ne2 Ndb6 43.Ned4 Rc4
44.Rc2 Rcc8 45.Ne2 Nd7 46.Ra2 Nb8 47.Kh1 Nc6 48.Kh2 Kf8 49.Bf2 Ke8 50.Be1 Kd7
51.Re3 Rcg8 52.Neg1 Bd8 53.Ng5 Bxg5 54.fxg5 Ne7 55.Nf3 Nf5 56.Rd3 Rc8 57.Rc2 Ke7
58.Nd4 Ng7 59.Rf2 Rc4 60.Rf4 Nf5 61.Nxf5+ exf5 62.Rxc4 dxc4 63.Rd6 Rd8 64.Rxa6 Rd5
65.Bf2 Nxc3 66.Bc5+ Ke8 67.e6 fxe6 68.Rxe6+ Kd7 69.Rxg6 Ne4 70.Rg7+ Kc6 71.Rg6+ Kc7
72.Rg7+ Rd7 73.Rxd7+ Kxd7 74.g6 Ke6 75.Bd4 c3 76.g7 Kf7 77.a4 c2 78.Bb2 bxa4
79.b5 f4 80.b6 Nc5 81.Kg1 a3 82.Bxa3 Kxg7 83.Kf1 Kg6 84.Ke2 Kf5 85.Kf3 Ne6
86.b7 Nd4+ 87.Kf2 Nc6 88.Ke2 Ke4 89.Bb2 Kf5 90.Kd2 f3 91.gxf3 Kf4 92.Kxc2 Kxf3
93.Kd3 Kg3 94.Ke4 Kxh3 95.Kd5 Nb8 96.Be5 Nd7 97.Kd6 Nxe5 98.Kxe5 Kg2 99.b8=Q h3
100.Qb2+ Kg1 101.Kf4 h2 102.Kg3  1-0

[Event "3rd Georgi Agzamov Mem"]
[Site "Tashkent AZE"]
[Date "2009.03.17"]
[Round "2"]
[White "Kvon,A"]
[Black "Niyazmetov,R"]
[Result "1-0"]
[WhiteElo "2425"]
[BlackElo "2227"]

1.e4 e6 2.d4 d5 3.Nc3 Nf6 4.e5 Nfd7 5.Nf3 c5 6.dxc5 Bxc5 7.Bd3 Nc6 8.Qe2 Nb4
9.O-O a6 10.a3 Nxd3 11.cxd3 Nb6 12.Be3 Be7 13.Nd4 O-O 14.f4 Bd7 15.Qf2 Nc8
16.f5 exf5 17.Nxd5 Be6 18.Nc3 g6 19.Rad1 Qd7 20.Nde2 f6 21.d4 Bb3 22.Rd2 Qc7
23.Re1 Rd8 24.Bf4 Qa5 25.Qg3 Nb6 26.exf6 Bxf6 27.Ne4 fxe4 28.Qxb3+ Kh8 29.Qe6 Nd5
30.Nc3 Bg7 31.Nxd5 Rxd5 32.Rxe4 Rad8 33.h3 Qb5 34.Kh2 g5 35.Bc7 Rf8 36.Be5 Bxe5+
37.Rxe5 Qf1 38.Re4 Qf5 39.Qxf5 Rfxf5 40.Re7 Rf8 41.Rxb7 Rfd8 42.Ra7 a5 43.Rc2 g4
44.hxg4 Rxd4 45.Rxa5 Rxg4 46.Ra7 Rh4+ 47.Kg1 Rd1+ 48.Kf2 Rf4+ 49.Kg3 Rf8
50.b4 Rh1 51.b5 h5 52.Rcc7 h4+ 53.Kg4 Rg8+ 54.Kf3 Rf8+ 55.Ke2 Re8+ 56.Re7  1-0

[Event "TCh-AUT 1st Bundesliga 2008-9"]
[Site "Ansfelden AUT"]
[Date "2009.03.20"]
[Round "9"]
[White "Diermair,A"]
[Black "Luther,T"]
[Result "1/2-1/2"]
[WhiteElo "2365"]
[BlackElo "2536"]

1.e4 e6 2.d4 d5 3.Nc3 Nf6 4.e5 Nfd7 5.f4 c5 6.Nf3 Nc6 7.Be3 cxd4 8.Nxd4 Bc5
9.Qd2 O-O 10.O-O-O a6 11.Nb3 b6 12.h4 Bb7 13.Rh3 Rc8 14.h5 Bb4 15.Rg3 Kh8
16.a3 Bxc3 17.Qxc3 Na5 18.Qb4 Qc7 19.Nd4 Nc5 20.Bd3 Nc4 21.Kb1 Ne4 22.Rh3 b5
23.Qe1 Qe7 24.Qb4 Qc7 25.Qe1 Qe7 26.Qb4  1/2-1/2

[Event "TCh-AUT 1st Bundesliga 2008-9"]
[Site "Ansfelden AUT"]
[Date "2009.03.21"]
[Round "10"]
[White "Polzin,R"]
[Black "Socko,B"]
[Result "1/2-1/2"]
[WhiteElo "2500"]
[BlackElo "2631"]

1.e4 e6 2.d4 d5 3.Nc3 Nf6 4.e5 Nfd7 5.f4 c5 6.Nf3 Nc6 7.Be3 Be7 8.Qd2 O-O
9.dxc5 Bxc5 10.O-O-O Qa5 11.Kb1 Rd8 12.Bxc5 Nxc5 13.Bd3 Bd7 14.Qe3 Nxd3 15.Rxd3 Rac8
16.f5 d4 17.Nxd4 Qxe5 18.fxe6 Bxe6 19.Qxe5 Nxe5 20.Nxe6 Rxd3 21.cxd3 fxe6
22.Re1 Nxd3 23.Rxe6 Kf7 24.Re3 Rd8 25.Rf3+  1/2-1/2

[Event "TOP 16 GpB"]
[Site "Cannes FRA"]
[Date "2009.03.22"]
[Round "3"]
[White "Leconte,M"]
[Black "Forestier,C"]
[Result "1-0"]
[WhiteElo "2334"]
[BlackElo "2096"]

1.e4 e6 2.d4 d5 3.Nc3 Nf6 4.e5 Nfd7 5.f4 c5 6.Nf3 Nc6 7.Be3 cxd4 8.Nxd4 Bc5
9.Qd2 a6 10.O-O-O O-O 11.Nb3 Bxe3 12.Qxe3 b5 13.h4 b4 14.Na4 a5 15.Kb1 Ba6
16.h5 Qc7 17.Bxa6 Rxa6 18.Qe2 Ra7 19.Rh3 Ne7 20.Nd4 Qc4 21.Qg4 Rc8 22.b3 Qc7
23.Rg3 g6 24.hxg6 Nxg6 25.Rh1 Nf8 26.Qe2 Rb7 27.f5 exf5 28.Nxf5 Re8 29.Nh6+ Kh8
30.Qf2 Rxe5 31.Qf6+  1-0

[Event "Spring Open"]
[Site "Belgrade SRB"]
[Date "2009.03.23"]
[Round "3"]
[White "Bralic,D"]
[Black "Brakus,D"]
[Result "0-1"]
[WhiteElo "1804"]
[BlackElo "2077"]

1.e4 e6 2.d4 d5 3.Nc3 Nf6 4.e5 Nfd7 5.f4 c5 6.Nf3 Nc6 7.Be3 cxd4 8.Nxd4 Qb6
9.Qd2 Qxb2 10.Rb1 Qa3 11.Rb3 Qa5 12.Bb5 Qc7 13.f5 Nc5 14.Rb1 Bd7 15.Bxc6 bxc6
16.fxe6 Nxe6 17.Nxe6 Bxe6 18.Qd4 Be7 19.O-O O-O 20.Rfe1 c5 21.Qa4 d4 22.Nb5 Qd7  0-1

[Event "Open B"]
[Site "Zagreb CRO"]
[Date "2009.03.23"]
[Round "3"]
[White "Strniscak,T"]
[Black "Okrosa,M"]
[Result "0-1"]
[WhiteElo "2187"]
[BlackElo "2079"]

1.e4 e6 2.d4 d5 3.Nc3 Nf6 4.e5 Nfd7 5.f4 c5 6.Nf3 Nc6 7.Be3 a6 8.Qd2 b5 9.dxc5 Bxc5
10.Bxc5 Nxc5 11.Qf2 Qb6 12.Bd3 b4 13.Ne2 a5 14.O-O Ba6 15.Ng3 Bxd3 16.cxd3 Rb8
17.Rfd1 Na4 18.d4 b3 19.a3 O-O 20.Nh5 Ne7 21.Nh4 Nf5 22.Nxf5 exf5 23.Rd3 Kh8
24.Rg3 Rg8 25.Rh3 Qg6 26.Qe2 Qg4 27.Qd2 Rgc8 28.Qxa5 Nxb2 29.Qxd5 Nd3 30.Nf6 gxf6
31.Qxf7 Qg7  0-1

[Event "Open B"]
[Site "Zagreb CRO"]
[Date "2009.03.23"]
[Round "3"]
[White "Vadla,Z"]
[Black "Bartakovic,T"]
[Result "1-0"]
[WhiteElo "2189"]
[BlackElo "2059"]

1.e4 e6 2.d4 d5 3.Nc3 Nf6 4.e5 Nfd7 5.f4 c5 6.Nf3 Nc6 7.Be3 Qb6 8.Qd2 Qxb2
9.Rb1 Qa3 10.Nb5 Qxa2 11.Rc1 Rb8 12.Qf2 Qa5+ 13.Bd2 Qd8 14.Qg3 g6 15.f5 gxf5
16.c3 a6 17.Nd6+ Bxd6 18.exd6 Qf6 19.Bd3 Qg6 20.Qf2 c4 21.Bc2 Nf6 22.O-O Bd7
23.Qh4 O-O 24.Bg5 Ne4 25.Bxe4 f6 26.Bh6 fxe4 27.Ne1 Rf7 28.Nc2 a5 29.Rce1 f5
30.Re3 f4 31.Rxf4 Rxf4 32.Qxf4 e5 33.Qh4 exd4 34.Rg3 Ne5 35.Rxg6+  1-0

[Event "25th Spring Festival"]
[Site "Budapest HUN"]
[Date "2009.03.24"]
[Round "5"]
[White "Bodrogi,L"]
[Black "Horvath,Dav"]
[Result "0-1"]
[WhiteElo "2088"]
[BlackElo "2154"]

1.e4 e6 2.d4 d5 3.Nc3 Nf6 4.e5 Nfd7 5.f4 c5 6.Nf3 Nc6 7.Be3 Qb6 8.Na4 Qa5+
9.c3 cxd4 10.b4 Nxb4 11.cxb4 Bxb4+ 12.Bd2 Bxd2+ 13.Nxd2 b6 14.Bd3 Ba6 15.Bxa6 Qxa6
16.Rc1 Ke7 17.Qb3 Rhc8 18.Kf2 Qa5 19.Nf3 b5 20.Nb2 Nc5 21.Qd1 Qxa2 22.Rc2 d3  0-1

[Event "TCh-NED 2008-9"]
[Site "Netherlands NED"]
[Date "2009.03.28"]
[Round "7"]
[White "Ondersteijn,N"]
[Black "Vedder,H"]
[Result "1/2-1/2"]
[WhiteElo "2254"]
[BlackElo "2358"]

1.e4 e6 2.d4 d5 3.Nc3 Nf6 4.e5 Nfd7 5.f4 c5 6.Nf3 Nc6 7.Be3 Qb6 8.Na4 Qa5+
9.c3 b6 10.Bd2 c4 11.b4 Nxb4 12.cxb4 Bxb4 13.Qc2 Bxd2+ 14.Nxd2 b5 15.Nc3 b4
16.Qa4 Qxa4 17.Nxa4 Bb7 18.Kf2 O-O 19.Ke3 Bc6 20.Nc5 Nxc5 21.dxc5 a5 22.Be2 Rfc8
23.Kd4 a4 24.a3 b3 25.Kc3 Ra5 26.Nf3 Rxc5 27.Nd4 Bd7 28.g4 Rb8 29.Rab1 f6
30.g5 f5 31.h4  1/2-1/2

[Event "47th Doeberl Cup Premier"]
[Site "Canberra AUS"]
[Date "2009.04.10"]
[Round "3"]
[White "Saw,G"]
[Black "Smerdon,D"]
[Result "1/2-1/2"]
[WhiteElo "2279"]
[BlackElo "2489"]

1.e4 e6 2.d4 d5 3.Nc3 Nf6 4.e5 Nfd7 5.f4 c5 6.Nf3 Nc6 7.Be3 cxd4 8.Nxd4 Bc5
9.Qd2 O-O 10.O-O-O a6 11.Nb3 b6 12.h4 Bb7 13.Rh3 Rc8 14.h5 Bb4 15.Bf2 Nc5
16.Bh4 Nxb3+ 17.axb3 Be7 18.Bxe7 Qxe7 19.Bd3 f6 20.exf6 Qxf6 21.f5 Na5 22.Kb1 exf5
23.Be2 d4 24.Qxd4 Rcd8 25.Qxf6 Rxd1+ 26.Bxd1 Rxf6 27.Bf3 g5 28.hxg6 hxg6
29.Bd5+ Kg7 30.b4 Nc6 31.b5 axb5 32.Nxb5 Na5 33.c4 f4 34.Rd3 Bc8 35.Ka2 Nc6
36.Kb3 Ne5 37.Rc3 g5 38.Nc7 Bd7 39.Be4 Rd6 40.Nd5 Be6 41.Kb4 Nc6+ 42.Ka4 Ne5
43.b3 Kh6 44.g3 fxg3 45.Rxg3 g4 46.Rg1 Kg5 47.Kb4 Bxd5 48.Bxd5 Kf4 49.Rf1+ Nf3
50.Kb5 Ke3 51.Bxf3 gxf3 52.c5 bxc5 53.Kxc5 Rf6 54.b4 Rf5+ 55.Kc6 Kd4 56.b5 Rf6+
57.Kd7 Kd5 58.b6 Rf7+ 59.Ke8 Rb7  1/2-1/2

[Event "47th Doeberl Cup Premier"]
[Site "Canberra AUS"]
[Date "2009.04.10"]
[Round "4"]
[White "Deepan,C"]
[Black "Rathnakaran,K"]
[Result "1/2-1/2"]
[WhiteElo "2482"]
[BlackElo "2427"]

1.e4 e6 2.d4 d5 3.Nc3 Nf6 4.e5 Nfd7 5.f4 c5 6.Nf3 a6 7.Be3 b5 8.Qd2 Bb7 9.Be2 Nc6
10.O-O Qb6 11.a3 cxd4 12.Nxd4 Bc5 13.Rad1 Nxd4 14.Bxd4 Bxd4+ 15.Qxd4 Qxd4+
16.Rxd4 g5 17.g3 gxf4 18.gxf4 Ke7 19.Kf2 f6 20.exf6+ Nxf6 21.a4 bxa4 22.Rxa4 Rhc8
23.Rg1 Kd6 24.Ke3 Rg8 25.Rxg8 Nxg8 26.Rb4 Bc6 27.Rb6 Kc5 28.Rxa6 d4+ 29.Kd2 dxc3+
30.Kxc3 Rxa6 31.Bxa6 Nf6 32.b4+ Kd6 33.Kd4 Nd5 34.b5 Ba8  1/2-1/2

[Event "Knut Bockman Cup"]
[Site "Oslo NOR"]
[Date "2009.04.10"]
[Round "6"]
[White "Reppen,E"]
[Black "Guddahl,V"]
[Result "1/2-1/2"]
[WhiteElo "1917"]
[BlackElo "2118"]

1.e4 e6 2.d4 d5 3.Nc3 Nf6 4.e5 Nfd7 5.Nf3 a6 6.a3 b6 7.Be2 c5 8.O-O Nc6 9.Bf4 Be7
10.Qd2 cxd4 11.Nxd4 Bb7 12.Nxc6 Bxc6 13.Bf3 O-O 14.Rfe1 Bb7 15.Ne2 Rc8 16.Rac1 b5
17.Nd4 Nb8 18.Bg4 Qd7 19.Qd3 Rfe8 20.Re3 Bf8 21.Rh3 g6 22.Bh6 Qe7 23.Qe3 Nc6
24.Nf3 Qc5 25.Qf4 Qc4 26.Qg3 Bxh6 27.Rxh6 Nd4 28.Nxd4 Qxd4 29.Rd1 Qxb2  1/2-1/2